Arte Ruso

Bibliographic Details
Main Author: Nicolsky, Victor
Format: Section = Libro
Language:Undetermined
Spanish
Published: Barcelona Labor 1935
Subjects:
LEADER 00391nam a2200169Ia 4500
008 240829s9999 xx 000 0 und d
040 |a BIBLIOTECA-RUSB/ 709.47 N652 
041 |a spa 
082 |a 709.47 N652 
100 1 |a Nicolsky, Victor 
245 1 0 |a Arte Ruso 
260 |a Barcelona  |b Labor  |c 1935 
300 |a 424 p. :il. 
650 7 |a ARTE RUSO 
942 |c BK  |2 ddc 
991 |a TEXTO 
999 |c 4689